000 00667nam a22001697a 4500
005 20120216115015.0
020 _a0070411816
_c00.00
035 _aB-26360
037 _aDPL
_bENG
100 _aUrman, Scott
_942258
245 _aOracle 8 advanced PL-SQL programming :
_bBuild powerful, web enabled PL-SQL application /
_cby Scott Urman
250 _a2nd rpr.
260 _aNew Delhi
_bTata McGraw-Hill Publishing
_c2000
300 _axxii, 772p.
_c22 cms.
942 _2ddc
_cEN
_h005.756
_mURM
999 _c62963
_d62963